[Event "Xtracon Chess Open 2018"]
[Site "Elsinore"]
[Date "2018.07.28"]
[Round "9"]
[White "Overmark, Ole"]
[Black "Nordin, Eric"]
[Result "0-1"]
[WhiteElo "1688"]
[BlackElo "1872"]
[EventDate "2018.07.21"]
[WhiteFideId "1410776"]
[BlackFideId "1711822"]

1.e4 d6 2.d4 Nf6 3.Nc3 g6 4.Bc4 Bg7 5.Nf3 Nxe4 6.Nxe4 d5 7.Bxd5 Qxd5 8.Nc3
Qh5 9.Qe2 Nc6 10.Be3 Bg4 11.O-O-O Rd8 12.d5 Ne5 13.Qb5+ Kf8 14.Qxb7 Nxf3 
15.gxf3 Bxf3 16.Qxc7 Re8 17.d6 exd6 18.Qxd6+ Kg8 19.Qd7 Qe5 20.Bd4 Qe6 21.
Bxg7 Kxg7 22.Qd4+ Qf6 23.Qxf6+ Kxf6 24.Nd5+ Kg7 25.Ne3 Re7 26.Rhg1 Bxd1 
27.Nf5+ Kf6 28.Nxe7 Bxc2 29.Nd5+ Ke5 30.Kxc2 Kxd5 31.Re1 Rc8+ 32.Kd3 Rc7 
33.f4 f6 34.b3 g5 35.f5 Rc6 36.Re7 Ra6 37.a4 h5 38.Kc3 h4 39.Kd3 Rb6 40.
Kc3 a6 41.b4 Rc6+ 42.Kd3 h3 43.b5 axb5 44.axb5 Rb6 45.Rf7 Ke5 46.Kc4 Rb8 
47.Kc5 Rc8+ 48.Kb6 Rc2 49.Ka7 Rxh2 50.Rh7 Ra2+ 51.Kb7 g4 52.b6 Rb2 53.Kc7 
h2 54.b7 g3 55.Rh8 Rxb7+ 56.Kxb7 g2 57.Rxh2 g1=Q 0-1

[Event "Xtracon Chess Open 2018"]
[Site "Elsinore"]
[Date "2018.07.28"]
[Round "9"]
[White "Bernstein, Jonas August"]
[Black "Rasmussen, Henrik Egede"]
[Result "1-0"]
[WhiteElo "1661"]
[BlackElo "1871"]
[EventDate "2018.07.21"]
[WhiteFideId "1532154"]
[BlackFideId "1417800"]

1.d4 d6 2.e4 g6 3.Nc3 Bg7 4.f4 a6 5.Nf3 b5 6.Bd3 Nd7 7.e5 dxe5 8.fxe5 e6 
9.Ng5 Bb7 10.O-O Nh6 11.d5 Nxe5 12.dxe6 Qd4+ 13.Kh1 f6 14.Bxb5+ axb5 15.
Qxd4 fxg5 16.Bxg5 Nf5 17.Rxf5 gxf5 18.Qc5 Ng6 19.Qxb5+ 1-0

[Event "Xtracon Chess Open 2018"]
[Site "Elsinore"]
[Date "2018.07.28"]
[Round "9"]
[White "Jensen, Torben W."]
[Black "Sandberg, Martin"]
[Result "0-1"]
[WhiteElo "1615"]
[BlackElo "1865"]
[EventDate "2018.07.21"]
[WhiteFideId "1515942"]
[BlackFideId "1707159"]

1.e4 c5 2.Nc3 a6 3.a4 e6 4.Nf3 Nc6 5.d3 Be7 6.Be2 Nf6 7.h3 O-O 8.O-O d5 9.
Bg5 d4 10.Nb1 e5 11.Nbd2 Be6 12.b3 Nd7 13.Bxe7 Qxe7 14.Nh2 f6 15.Bg4 b5 
16.Bxe6+ Qxe6 17.axb5 axb5 18.Qe2 Nb4 19.Ndf3 Qc6 20.Nh4 Qe6 21.Nf5 Kh8 
22.Rxa8 Rxa8 23.Nf3 Nf8 24.Qd2 Ng6 25.g3 Ne7 26.g4 Ng6 27.Rc1 Nf4 28.Kh2 
g6 29.N5xd4 cxd4 30.Qxb4 h5 31.Rg1 hxg4 32.Rxg4 Qd7 33.Nxd4 exd4 34.Qc5 g5
35.e5 Rc8 36.Qb6 Rxc2 37.Qxf6+ Kh7 38.Rg3 Rxf2+ 39.Kg1 Rd2 40.e6 Qxe6 41.
Qxe6 Nxe6 42.h4 gxh4 43.Rh3 Kg6 44.Rxh4 Rxd3 0-1

[Event "Xtracon Chess Open 2018"]
[Site "Elsinore"]
[Date "2018.07.28"]
[Round "9"]
[White "Hjornevik, Oyvind"]
[Black "Hjornevik, Knut J"]
[Result "1-0"]
[WhiteElo "1414"]
[BlackElo "1860"]
[EventDate "2018.07.21"]
[WhiteFideId "1516159"]
[BlackFideId "1505157"]

1.c4 e5 2.g3 Nf6 3.Bg2 d5 4.cxd5 Nxd5 5.Nc3 Nb6 6.Nf3 Nc6 7.O-O Be7 8.e3 
O-O 9.a3 a5 10.d4 exd4 11.Nxd4 Nxd4 12.Qxd4 Qxd4 13.exd4 Rd8 14.Rd1 Bg4 
15.Bxb7 Rab8 16.f3 Rxb7 17.fxg4 c5 18.dxc5 Bxc5+ 19.Kh1 Rxd1+ 20.Nxd1 Re7 
21.Bd2 a4 22.Rc1 Re2 23.Rxc5 Rxd2 24.Nc3 Rxb2 25.Nxa4 Rb1+ 26.Kg2 Nd7 27.
Rc8+ Nf8 28.Ra8 g6 29.Nc5 Kg7 30.Ne4 Ne6 31.Ra7 Nd8 32.Nd6 Rb2+ 33.Kh3 Rf2
34.g5 Ne6 35.Kg4 Nd8 36.Ra8 Nc6 37.Ne8+ Kf8 38.Nf6+ Ke7 39.Re8+ Kd6 40.
Ne4+ 1-0

[Event "Xtracon Chess Open 2018"]
[Site "Elsinore"]
[Date "2018.07.28"]
[Round "9"]
[White "Slettebo, Jan"]
[Black "Bratteteig, Tore-Inge"]
[Result "1-0"]
[WhiteElo "1987"]
[BlackElo "1585"]
[EventDate "2018.07.21"]
[WhiteFideId "1704958"]
[BlackFideId "1510711"]

1.e4 e6 2.d4 d5 3.Nc3 Nf6 4.e5 Nfd7 5.Nf3 c5 6.dxc5 Bxc5 7.Bd3 Nc6 8.Bf4 
a6 9.O-O Nb4 10.Be2 Qc7 11.Bg3 b5 12.a3 Nc6 13.Nxd5 Qa7 14.Nb4 Bxb4 15.
axb4 Qb6 16.Qd6 Bb7 17.Bh4 Rc8 18.Rfd1 Qc7 19.Qxc7 Rxc7 20.c3 h6 21.Nd4 g5
22.Bg3 Nxd4 23.Rxd4 Nb8 24.Rad1 Rd7 25.h4 Rxd4 26.Rxd4 Ke7 27.Rg4 Rd8 28.
hxg5 hxg5 29.Rxg5 Be4 30.Rg4 Bb7 31.Bh4+ 1-0

[Event "Xtracon Chess Open 2018"]
[Site "Elsinore"]
[Date "2018.07.28"]
[Round "9"]
[White "Preuss, Flemming"]
[Black "Wiberg, Jonas"]
[Result "1-0"]
[WhiteElo "1971"]
[BlackElo "1715"]
[EventDate "2018.07.21"]
[WhiteFideId "1403338"]
[BlackFideId "1720090"]

1.e4 c6 2.Nf3 d5 3.exd5 cxd5 4.Ne5 Nf6 5.d4 Nc6 6.c3 e6 7.Nd2 Nxe5 8.dxe5 
Nd7 9.Nf3 Bc5 10.Bf4 Qc7 11.Bd3 Nb6 12.Bg3 Bd7 13.O-O h6 14.Re1 Bc6 15.Qe2
Rc8 16.Rac1 a6 17.b4 Be7 18.Nd4 Bd7 19.f4 Nc4 20.h4 O-O 21.f5 Qd8 22.Qg4 
exf5 23.Bxf5 Bxf5 24.Nxf5 g6 25.e6 Kh7 26.exf7 gxf5 27.Qxf5+ Kg7 28.Re6 
Rxf7 29.Qg6+ Kf8 30.Qxh6+ Ke8 31.Qg6 Kf8 32.Rce1 Rf6 33.Rxf6+ Bxf6 34.Bf4 
Qb6+ 35.Kh1 Qd8 36.Bh6+ 1-0

[Event "Xtracon Chess Open 2018"]
[Site "Elsinore"]
[Date "2018.07.28"]
[Round "9"]
[White "Henriksen, Morgan"]
[Black "Skovgaard, Ib"]
[Result "1/2-1/2"]
[WhiteElo "1706"]
[BlackElo "1934"]
[EventDate "2018.07.21"]
[WhiteFideId "1510495"]
[BlackFideId "1406760"]

1.d4 d5 2.c4 c6 3.Nc3 Nf6 4.Nf3 e6 5.e3 Nbd7 6.Bd2 Bd6 7.Bd3 dxc4 8.Bxc4 
b5 9.Bd3 Bb7 10.Rc1 e5 11.e4 O-O 12.a3 a6 13.O-O exd4 14.Nxd4 Nc5 15.Bb1 
Bxh2+ 16.Kxh2 Qxd4 17.Be3 Qxd1 18.Rcxd1 Ng4+ 19.Kg1 Nxe3 20.fxe3 Rae8 21.
b4 Ne6 22.Ne2 c5 23.Nf4 cxb4 24.axb4 Ng5 25.Rd6 Bxe4 26.Ba2 Rd8 27.Rfd1 
Rxd6 28.Rxd6 Rc8 29.Nd5 Bxd5 30.Bxd5 h6 31.Rxa6 Rc1+ 32.Kh2 Rb1 33.Rb6 
Rxb4 34.Bc6 Rh4+ 35.Kg3 Rc4 36.Bxb5 Ne4+ 37.Kf3 Rb4 38.Rb8+ Kh7 39.Rb7 f5 
40.Bc6 Ng5+ 41.Ke2 Rxb7 42.Bxb7 h5 43.Kf2 h4 44.Ba6 Ne4+ 45.Kf3 g5 46.Bd3 
Ng3 47.e4 f4 48.e5+ Kg7 49.Kg4 Kf8 50.Bc4 Ke7 51.Bd5 Nf1 52.Kxg5 Ne3 53.
Bf3 Nc4 54.Kxf4 h3 55.gxh3 Nxe5 56.Kxe5 Kf7 57.Kf5 Kg7 58.h4 Kg8 59.Kf6 
Kh7 1/2-1/2

[Event "Xtracon Chess Open 2018"]
[Site "Elsinore"]
[Date "2018.07.28"]
[Round "9"]
[White "Mehringer, Joerg"]
[Black "Stage-Steffensen, Theo"]
[Result "1-0"]
[WhiteElo "1933"]
[BlackElo "1697"]
[EventDate "2018.07.21"]
[WhiteFideId "12915351"]
[BlackFideId "1455818"]

1.e4 e5 2.Nf3 Nc6 3.Bc4 Bc5 4.b4 Bxb4 5.c3 Ba5 6.d4 Nf6 7.dxe5 Nxe4 8.Qd5 
O-O 9.Qxe4 Re8 10.O-O d6 11.Ng5 Nxe5 12.Qxh7+ Kf8 13.Qh8+ Ke7 14.Qxg7 Rg8 
15.Qh7 d5 16.Re1 dxc4 17.Qxf7+ Kd6 18.Rxe5 c6 19.Bf4 1-0

[Event "Xtracon Chess Open 2018"]
[Site "Elsinore"]
[Date "2018.07.28"]
[Round "9"]
[White "Haugaard, Thomas"]
[Black "Christensen, Tommy"]
[Result "1/2-1/2"]
[WhiteElo "1697"]
[BlackElo "1904"]
[EventDate "2018.07.21"]
[WhiteFideId "1414330"]
[BlackFideId "1423266"]

1.d4 Nf6 2.c4 c5 3.d5 e6 4.Nc3 exd5 5.cxd5 d6 6.e4 g6 7.Bd3 Bg7 8.h3 O-O 
9.Nf3 Re8 10.O-O Nbd7 11.Bf4 Nb6 12.Nd2 a6 13.a4 Nh5 14.Bh2 Qf6 15.a5 Nd7 
16.Qf3 Ne5 17.Qxf6 Bxf6 18.Be2 Kh8 19.f4 Nd7 20.Bd3 b5 21.axb6 Nxb6 22.e5 
Be7 23.Nde4 Rd8 24.Nxd6 Bxd6 25.exd6 f5 26.Be2 Nf6 27.Bf3 Rxd6 28.Kh1 Rb8 
29.Bg1 Nbd7 30.Na4 c4 31.Rfc1 Rb4 32.Bd4 Kg8 33.b3 Nxd5 34.Rxc4 Rxc4 35.
bxc4 Nxf4 36.Be3 g5 37.Rd1 Rxd1+ 38.Bxd1 Nd3 39.Bc2 f4 40.Bd4 N3e5 41.c5 
Bb7 42.Kg1 f3 43.g3 h5 44.Nb6 Bc6 45.Nxd7 Nxd7 46.Bg6 a5 47.Bxh5 Nf8 48.
Kf2 Ne6 49.Bc3 a4 50.Bxf3 Bxf3 51.Kxf3 Nxc5 52.h4 Kf7 53.hxg5 a3 54.Ke2 
Nb3 55.Kd3 a2 56.Kc2 a1=Q 57.Bxa1 Nxa1+ 58.Kb2 Kg6 1/2-1/2

[Event "Xtracon Chess Open 2018"]
[Site "Elsinore"]
[Date "2018.07.28"]
[Round "9"]
[White "Rasmussen, Morten Fredsgaard"]
[Black "Larsen, Mette Dalsgaard"]
[Result "1-0"]
[WhiteElo "1901"]
[BlackElo "1682"]
[EventDate "2018.07.21"]
[WhiteFideId "1410636"]
[BlackFideId "1430718"]

1.d4 Nf6 2.Bf4 g6 3.Nd2 d5 4.e3 Bg7 5.c4 e6 6.Ngf3 O-O 7.h3 Nbd7 8.b4 dxc4
9.Bxc4 b6 10.Nb3 Bb7 11.Rc1 Rc8 12.O-O Re8 13.Bh2 Qe7 14.a3 Red8 15.Qe2 
Ne4 16.Ba6 Bxa6 17.Qxa6 c6 18.Rc2 Nd6 19.Rfc1 Nb8 20.Qd3 f6 21.Nbd2 e5 22.
dxe5 fxe5 23.Nc4 Nb7 24.Qb3 Kh8 25.Ncxe5 1-0

[Event "Xtracon Chess Open 2018"]
[Site "Elsinore"]
[Date "2018.07.28"]
[Round "9"]
[White "Alfven, Jorgen"]
[Black "Warston, Hakan"]
[Result "1/2-1/2"]
[WhiteElo "1896"]
[BlackElo "1662"]
[EventDate "2018.07.21"]
[WhiteFideId "1715950"]
[BlackFideId "1717367"]

1.d4 d5 2.c4 e6 3.Nf3 Nf6 4.Nc3 Be7 5.Bg5 h6 6.Bh4 O-O 7.e3 b6 8.cxd5 Nxd5
9.Bxe7 Qxe7 10.Rc1 Bb7 11.Bd3 Rc8 12.O-O Nd7 13.Qe2 c5 14.Nxd5 exd5 15.Bf5
Rc7 16.Rfd1 Nf6 17.dxc5 bxc5 18.Qc2 Bc8 19.h3 Bxf5 20.Qxf5 Rac8 21.b3 c4 
22.bxc4 dxc4 23.Rc2 c3 24.Nd4 Rc5 25.Qf3 Qe5 26.Nb3 Rc4 27.Rd3 Ne4 28.Qd1 
Qc7 29.Rd7 Qb6 30.Qd5 Ng5 31.Rd6 R4c6 32.Rd7 Rf6 33.Qd4 Qxd4 34.Rxd4 Rfc6 
35.Ra4 a6 36.f3 Ne6 37.Nd4 Nxd4 38.Rxd4 Kf8 39.Rd3 Ke7 40.e4 Ke6 41.Kf2 f5
42.exf5+ Kxf5 43.g4+ Ke5 44.Ke3 Rc4 45.Rd7 g5 46.Re7+ Kd5 47.Rd7+ Ke5 48.
Rf7 R8c6 49.Rf5+ Ke6 50.h4 gxh4 51.Rh5 Kf7 52.Rxh4 Rd6 53.Rhh2 Kg6 54.Rhe2
Rc5 55.Kf2 Rc4 56.Kg3 Kf6 57.Re3 Rdc6 58.f4 R4c5 59.Rd3 Ke6 60.Kf3 Rc4 61.
Ke3 Kf6 62.Rd4 R4c5 63.Kd3 a5 64.Ke4 Re6+ 65.Kf3 Rb6 66.Rd3 Rbc6 67.Rd4 
Rb6 68.Ke3 Re6+ 69.Kd3 Rec6 70.Ke2 Rb6 71.Ke1 Rb1+ 72.Ke2 Rb6 73.Rd3 Rbc6 
74.Kf3 Ke6 75.f5+ Ke5 76.Rd8 Kf6 77.Re8 Kf7 78.Re3 Kf6 79.Kf4 Rc4+ 80.Re4 
R4c5 81.Rd4 Ke7 82.g5 hxg5+ 83.Kxg5 Rc7 84.Re4+ Kf7 85.Rh4 Kg7 86.Rd4 Rb7 
87.Rd3 Rbc7 88.Rd6 Rb7 89.Rg6+ Kf7 90.Rf6+ Kg7 91.Rg6+ Kf7 1/2-1/2

[Event "Xtracon Chess Open 2018"]
[Site "Elsinore"]
[Date "2018.07.28"]
[Round "9"]
[White "Tulliez, Andre"]
[Black "Skaale, Janus"]
[Result "1/2-1/2"]
[WhiteElo "1678"]
[BlackElo "1867"]
[EventDate "2018.07.21"]
[WhiteFideId "45107181"]
[BlackFideId "7201575"]

1.e4 c5 2.Nf3 d6 3.d4 cxd4 4.Nxd4 Nf6 5.Nc3 g6 6.Be3 Bg7 7.f3 Nc6 8.Qd2 
O-O 9.g4 a6 10.O-O-O Bd7 11.Kb1 b5 12.h4 h5 13.g5 Ne8 14.Bh3 Nxd4 15.Bxd4 
Bxh3 16.Rxh3 Nc7 17.f4 Qc8 18.Rg3 Ne6 19.Bxg7 Nxg7 20.Nd5 Qb7 21.Rc3 Rac8 
22.Rf1 Kh8 23.f5 Rxc3 24.Nxc3 b4 25.Nd5 gxf5 26.exf5 Qb5 27.Ne3 f6 28.g6 
Ne8 29.Nc4 Kg7 30.Re1 Qxc4 31.Rxe7+ Kg8 32.Qe1 Nc7 33.b3 Qc5 34.Rg7+ Kh8 
35.Rh7+ Kg8 36.Rg7+ Kh8 37.Rh7+ 1/2-1/2

[Event "Xtracon Chess Open 2018"]
[Site "Elsinore"]
[Date "2018.07.28"]
[Round "9"]
[White "Lunde, Sigmund"]
[Black "Sorokin, Artem"]
[Result "1-0"]
[WhiteElo "1863"]
[BlackElo "1660"]
[EventDate "2018.07.21"]
[WhiteFideId "1511351"]
[BlackFideId "44133561"]

1.d4 d5 2.Nf3 Nf6 3.g3 e6 4.Bg2 Be7 5.O-O O-O 6.b3 Nbd7 7.Bb2 b6 8.Nbd2 
Bb7 9.Rc1 c5 10.Ne5 Rc8 11.e3 Nxe5 12.dxe5 Nd7 13.c4 Qc7 14.f4 Rfd8 15.Qg4
Nf8 16.f5 exf5 17.Qxf5 d4 18.Qxf7+ Kh8 19.Bxb7 Qxb7 20.exd4 cxd4 21.Ba3 
Ng6 22.Bxe7 Rd7 23.Qf3 Rxe7 24.Qxb7 Rxb7 25.Nf3 d3 26.Rcd1 Rd8 27.Rd2 Re7 
28.Re1 h6 29.Re3 Kh7 30.Kg2 Rde8 31.Rdxd3 Nxe5 32.Rxe5 Rxe5 33.Nxe5 Rxe5 
34.Kf2 Re7 35.Re3 Rf7+ 36.Ke2 Kg6 37.Rf3 Rd7 38.Rd3 Rf7 39.Rd2 Kg5 40.Rd4 
g6 41.b4 h5 42.h4+ Kh6 43.c5 Rc7 44.Rc4 bxc5 45.bxc5 Kg7 46.Kd3 Kf6 47.
Rf4+ Ke5 48.Kc4 Rc6 49.Kb5 Kd5 50.Rd4+ 1-0

[Event "Xtracon Chess Open 2018"]
[Site "Elsinore"]
[Date "2018.07.28"]
[Round "9"]
[White "Emborg, Jens"]
[Black "Amin, Idris"]
[Result "0-1"]
[WhiteElo "1545"]
[BlackElo "1855"]
[EventDate "2018.07.21"]
[WhiteFideId "1437534"]
[BlackFideId "1746022"]

1.e4 d5 2.exd5 Nf6 3.Nc3 Nxd5 4.Nxd5 Qxd5 5.d4 Nc6 6.Be3 Bf5 7.c3 Be4 8.c4
Qa5+ 9.Bd2 Qf5 10.Ne2 Bd3 11.Bc3 Bxc4 12.b3 Bd5 13.Qd2 e5 14.Ng3 Qe6 15.
dxe5 Nxe5 16.Qe3 Bd6 17.Ne4 Bxe4 18.Qxe4 O-O-O 19.Be2 f5 20.Qe3 Rhe8 21.
O-O Kb8 22.Rad1 f4 23.Qe4 g5 24.Bxe5 Qxe5 25.Qxe5 Rxe5 26.Bf3 Rde8 27.h3 
a6 28.a4 Rc5 29.Rd3 Rc2 30.Rfd1 Re5 31.Kf1 Bb4 32.Rd5 Rxd5 33.Rxd5 h6 34.
Rd3 Bc5 35.Be2 h5 36.g4 fxg3 37.Rxg3 Be7 38.Bxh5 Rc5 39.Bg4 Bd6 40.Rd3 
Rc1+ 41.Bd1 Rc5 42.f3 Kc8 43.Rd4 Kd7 44.Ke2 Ke7 45.Re4+ Kf6 46.Rc4 Rd5 47.
Bc2 Bf4 48.Bd3 a5 49.Re4 Rd8 50.h4 Rh8 51.hxg5+ Kxg5 52.Kd1 Rh2 53.Re2 Rh3
54.Be4 b6 55.Kc2 Rh1 56.Kd3 Rd1+ 57.Kc4 Bd6 58.Rc2 Kf4 59.Kb5 Rd4 60.Rc4 
Rd2 61.Bc6+ Kf5 62.Bd7+ Kf6 63.Re4 Be5 64.Bc6 Rd3 65.Kc4 Rc3+ 0-1

[Event "Xtracon Chess Open 2018"]
[Site "Elsinore"]
[Date "2018.07.28"]
[Round "9"]
[White "Ufnarovski, Victor"]
[Black "Jorgensen, Orla Eilegaard"]
[Result "1-0"]
[WhiteElo "1854"]
[BlackElo "1639"]
[EventDate "2018.07.21"]
[WhiteFideId "1743856"]
[BlackFideId "1413368"]

1.e4 b6 2.d4 Bb7 3.Nc3 Nf6 4.f3 e6 5.Bd3 Nc6 6.e5 Nh5 7.Be3 g6 8.g4 Ng7 9.
Ne4 Be7 10.Ne2 Bh4+ 11.N2g3 d6 12.exd6 cxd6 13.Qd2 O-O 14.O-O-O a5 15.c3 
Be7 16.h4 f5 17.Ng5 Bxg5 18.Bxg5 Ne7 19.Rhf1 fxg4 20.fxg4 Qd7 21.h5 e5 22.
Ne4 Bxe4 23.Bxe4 Rae8 24.Rxf8+ Kxf8 25.dxe5 Qxg4 26.exd6 Qxe4 27.Bxe7+ 
Rxe7 28.dxe7+ Qxe7 29.Qd8+ Kf7 30.Rd7 1-0

[Event "Xtracon Chess Open 2018"]
[Site "Elsinore"]
[Date "2018.07.28"]
[Round "9"]
[White "Stochkel, Casper"]
[Black "Wahlgreen, Noah"]
[Result "1/2-1/2"]
[WhiteElo "1784"]
[BlackElo "1568"]
[EventDate "2018.07.21"]
[WhiteFideId "1426702"]
[BlackFideId "1457349"]

1.d4 Nf6 2.c4 g6 3.Nc3 Bg7 4.g3 O-O 5.Bg2 d6 6.Nf3 c5 7.O-O Nbd7 8.Bg5 Nb6
9.Qd3 cxd4 10.Nxd4 Qc7 11.Nd5 Nfxd5 12.cxd5 Qc5 13.Nb3 Qc4 14.Bxe7 Qxd3 
15.exd3 Bxb2 16.Bxf8 Bxa1 17.Bxd6 Bf6 18.Nc5 Bd4 19.Re1 Bxc5 20.Bxc5 Bf5 
21.d4 Nc4 22.Rc1 b5 23.Bf1 Rd8 24.Bxc4 bxc4 25.Rxc4 Rxd5 26.Ra4 Kg7 27.f3 
Bd3 28.Rxa7 Rf5 29.Kf2 Be4 30.Ra3 Rf6 31.Ke2 Bd5 32.f4 Re6+ 33.Kd2 Bc4 34.
Kc3 Bd5 35.Kb4 Re2 36.h4 Rxa2 1/2-1/2

[Event "Xtracon Chess Open 2018"]
[Site "Elsinore"]
[Date "2018.07.28"]
[Round "9"]
[White "Nielsen, Palle"]
[Black "Sundin, Sven-Ingvar"]
[Result "1-0"]
[WhiteElo "1771"]
[BlackElo "1567"]
[EventDate "2018.07.21"]
[WhiteFideId "1408526"]
[BlackFideId "1724517"]

1.Nf3 c6 2.c4 d5 3.e3 Nf6 4.d4 e6 5.a3 a5 6.Nc3 Bd6 7.Qb3 Nbd7 8.c5 Bc7 9.
Qa4 e5 10.Be2 Ne4 11.Nxe4 dxe4 12.Nd2 f5 13.b4 Nf6 14.Bb2 exd4 15.Bxd4 Bd7
16.Qb3 a4 17.Qa2 Qe7 18.Bc4 Ng4 19.g3 Be5 20.h3 Bxd4 21.exd4 Nf6 22.O-O-O 
Kd8 23.Rhe1 Re8 24.Nf3 Be6 25.Ne5 Nd5 26.Qd2 Kc7 27.Kb2 Reb8 28.Bxd5 Bxd5 
29.Qf4 Qe8 30.Nc4+ Kd8 31.Nb6 Bb3 32.Rd2 Qf7 33.f3 Ba2 34.Re3 exf3 1-0

[Event "Xtracon Chess Open 2018"]
[Site "Elsinore"]
[Date "2018.07.28"]
[Round "9"]
[White "Gade, Jens"]
[Black "Nord, Alexander"]
[Result "1/2-1/2"]
[WhiteElo "1465"]
[BlackElo "1763"]
[EventDate "2018.07.21"]
[WhiteFideId "1416111"]
[BlackFideId "1738135"]

1.f4 d5 2.Nf3 c5 3.e3 Nc6 4.b3 Nf6 5.Bb2 Bg4 6.Be2 e6 7.O-O Be7 8.h3 Bxf3 
9.Bxf3 O-O 10.d3 Qb6 11.Kh1 c4 12.d4 cxb3 13.cxb3 Rac8 14.Nc3 Bb4 15.Na4 
Qc7 16.Rc1 Qe7 17.Nc5 b6 18.Nd3 Ne4 19.Bxe4 dxe4 20.Nxb4 Nxb4 21.Ba3 a5 
22.Qd2 Rxc1 23.Rxc1 Qa7 24.Bxb4 axb4 25.Qc2 1/2-1/2

[Event "Xtracon Chess Open 2018"]
[Site "Elsinore"]
[Date "2018.07.28"]
[Round "9"]
[White "Christensen, Benny"]
[Black "Narheim, Mats"]
[Result "0-1"]
[WhiteElo "1754"]
[BlackElo "1544"]
[EventDate "2018.07.21"]
[WhiteFideId "1429949"]
[BlackFideId "1518607"]

1.d4 Nf6 2.Nf3 g6 3.c3 d6 4.Bf4 Bg7 5.h3 O-O 6.e3 Bf5 7.Nbd2 c5 8.g4 Be6 
9.Bg2 Qc8 10.Ng5 Bd7 11.Qb3 Nc6 12.O-O-O cxd4 13.c4 dxe3 14.fxe3 d5 15.Kb1
dxc4 16.Nxc4 Be6 17.Nxe6 Qxe6 18.g5 Ne4 19.Rhf1 Rfd8 20.Qc2 Nc5 21.Nd2 Nb4
22.Qc4 Rxd2 23.Qxb4 Rxg2 24.Qxc5 Rxb2+ 25.Kc1 Qxa2 0-1

[Event "Xtracon Chess Open 2018"]
[Site "Elsinore"]
[Date "2018.07.28"]
[Round "9"]
[White "Stage, Mathias Juul"]
[Black "Tolba, Henri"]
[Result "1/2-1/2"]
[WhiteElo "1447"]
[BlackElo "1751"]
[EventDate "2018.07.21"]
[WhiteFideId "1463306"]
[BlackFideId "1418246"]

1.d4 d5 2.Nf3 Nf6 3.Bf4 Bf5 4.e3 e6 5.Nh4 Bg6 6.Nxg6 hxg6 7.h3 Bd6 8.Bxd6 
Qxd6 9.c3 Nbd7 10.f4 Ne4 11.Rg1 a6 12.g4 Qe7 13.g5 Nd6 14.Qf3 c5 15.Nd2 
cxd4 16.exd4 b5 17.Qg4 Nb6 18.O-O-O Ndc4 19.Bxc4 bxc4 20.Rde1 Rb8 21.Nf3 
Na4 22.Re2 Nxc3 23.bxc3 Qa3+ 24.Kd2 Rb2+ 25.Ke3 Qxc3+ 26.Kf2 Rxe2+ 27.Kxe2
O-O 28.Rd1 Rb8 29.Ne1 Rb2+ 30.Kf1 Qe3 31.Qf3 Qxf3+ 32.Nxf3 c3 33.Rc1 c2 
34.Ke2 Rxa2 35.Ne5 f6 36.Nd3 Ra4 37.Ke3 Rc4 38.Kd2 Rxd4 39.gxf6 gxf6 40.
Rxc2 1/2-1/2

[Event "Xtracon Chess Open 2018"]
[Site "Elsinore"]
[Date "2018.07.28"]
[Round "9"]
[White "Keymer, Cecilia"]
[Black "Larsen, Arne Walther"]
[Result "0-1"]
[WhiteElo "1380"]
[BlackElo "1750"]
[EventDate "2018.07.21"]
[WhiteFideId "16233468"]
[BlackFideId "1411357"]

1.d4 Nf6 2.c4 g6 3.g3 Bg7 4.Bg2 O-O 5.Nc3 d6 6.Nf3 Nc6 7.O-O a6 8.Bg5 h6 
9.Bxf6 Bxf6 10.Nd5 Bg7 11.e3 Rb8 12.b3 e6 13.Nc3 e5 14.dxe5 Nxe5 15.Nd4 c5
16.Nde2 b5 17.cxb5 axb5 18.Rc1 Bg4 19.Qd2 Nf3+ 20.Bxf3 Bxf3 21.h3 Qd7 22.
Kh2 d5 23.Ng1 b4 24.Na4 Be4 25.Nxc5 Qb5 26.Nxe4 dxe4 27.Rc4 Rfd8 28.Qe2 
Rd3 29.Rd1 Rbd8 30.Rxd3 exd3 31.Qd1 Bc3 32.Nf3 Qa5 33.Qb1 d2 34.Nd4 Qa3 
35.Qc2 Qc1 0-1

[Event "Xtracon Chess Open 2018"]
[Site "Elsinore"]
[Date "2018.07.28"]
[Round "9"]
[White "Fjallheim, Benjamin Reinert"]
[Black "Andreasen, Jon S."]
[Result "0-1"]
[WhiteElo "1375"]
[BlackElo "1736"]
[EventDate "2018.07.21"]
[WhiteFideId "7202008"]
[BlackFideId "7201400"]

1.e4 c6 2.d4 d5 3.Nc3 dxe4 4.Nxe4 Nf6 5.Nxf6+ gxf6 6.c3 Bf5 7.Nf3 e6 8.Bd3
Bg6 9.Qe2 Bd6 10.Nh4 Nd7 11.f4 Bxd3 12.Qxd3 f5 13.g3 Nf6 14.Be3 Nd5 15.Nf3
Qb6 16.Rb1 O-O-O 17.Rf1 Nf6 18.Rf2 Ne4 19.Re2 h5 20.d5 Bc5 21.c4 exd5 22.
Bxc5 Qxc5 23.Nd2 dxc4 24.Qxc4 Rxd2 25.Rxe4 Qf2# 0-1

[Event "Xtracon Chess Open 2018"]
[Site "Elsinore"]
[Date "2018.07.28"]
[Round "9"]
[White "Norevall, Ulf"]
[Black "Ji, Jiahao Eric"]
[Result "1/2-1/2"]
[WhiteElo "1733"]
[BlackElo "1463"]
[EventDate "2018.07.21"]
[WhiteFideId "1705555"]
[BlackFideId "1533371"]

1.d4 Nf6 2.c4 g6 3.f3 Bg7 4.Nc3 d5 5.cxd5 Nxd5 6.e4 Nxc3 7.bxc3 c5 8.Bb5+ 
Bd7 9.Bxd7+ Qxd7 10.Be3 Nc6 11.Ne2 O-O 12.O-O cxd4 13.cxd4 Rfd8 14.e5 f6 
15.Qb3+ Kh8 16.f4 Qd5 17.Qxd5 Rxd5 18.Nc3 Rdd8 19.Rfd1 b6 20.Rac1 Rac8 21.
Kf2 fxe5 22.dxe5 Nb4 23.Nb5 Nxa2 24.Rxc8 Rxc8 25.Nxa7 Rc2+ 26.Rd2 Rxd2+ 
27.Bxd2 e6 28.Nb5 g5 29.g3 gxf4 30.gxf4 Kg8 31.Ke2 Bf8 32.Nd6 b5 33.Nxb5 
Nb4 34.Bxb4 Bxb4 35.Kd3 Kf8 36.Nd4 Kg7 37.Ke4 Bc5 38.Nf3 h6 39.Nd2 Bg1 40.
Nf1 Bb6 41.Ne3 h5 42.Nf1 Bg1 43.h3 Bf2 44.Kf3 Be1 45.Ng3 Kg6 46.Ne4 Bb4 
47.Nd6 Ba3 48.Ke4 Bb4 49.Ne8 Ba3 50.Kf3 Bb4 51.Nd6 Ba3 52.Ke4 Bb4 53.f5+ 
exf5+ 54.Nxf5 Kg5 55.e6 Ba3 56.Ke5 Bf8 57.e7 1/2-1/2

[Event "Xtracon Chess Open 2018"]
[Site "Elsinore"]
[Date "2018.07.28"]
[Round "9"]
[White "Falkesgaard, Jeppe Hald"]
[Black "Lye, Sverre"]
[Result "1/2-1/2"]
[WhiteElo "1731"]
[BlackElo "1405"]
[EventDate "2018.07.21"]
[WhiteFideId "1464981"]
[BlackFideId "1539353"]

1.d4 Nf6 2.Nf3 g6 3.c4 Bg7 4.Nc3 d6 5.e4 O-O 6.Be2 Bg4 7.O-O Bxf3 8.Bxf3 
e5 9.Be3 Nc6 10.d5 Ne7 11.a3 Nd7 12.b4 f5 13.Rc1 f4 14.Bd2 g5 15.Na4 Ng6 
16.g3 Nf6 17.c5 Qd7 18.cxd6 cxd6 19.Nc3 a6 20.Na4 Rac8 21.Rxc8 Rxc8 
1/2-1/2

[Event "Xtracon Chess Open 2018"]
[Site "Elsinore"]
[Date "2018.07.28"]
[Round "9"]
[White "Gottschalck, Christian"]
[Black "Joensen, Sigurd"]
[Result "1-0"]
[WhiteElo "1721"]
[BlackElo "1515"]
[EventDate "2018.07.21"]
[WhiteFideId "1428357"]
[BlackFideId "7200935"]

1.e4 e5 2.Nf3 d6 3.Bc4 h6 4.Nc3 Nf6 5.d4 Bg4 6.dxe5 Bxf3 7.Qxf3 dxe5 8.O-O
Qe7 9.Rd1 Nbd7 10.Be3 Rd8 11.Nd5 Nxd5 12.Rxd5 b6 13.Rad1 Qb4 14.Bb5 Bd6 
15.Qg4 O-O 16.Bxh6 g6 17.Bxd7 f5 18.Qxg6+ 1-0

[Event "Xtracon Chess Open 2018"]
[Site "Elsinore"]
[Date "2018.07.28"]
[Round "9"]
[White "Frisk, Hans"]
[Black "Fjallheim, Elmar Reinert"]
[Result "1-0"]
[WhiteElo "2004"]
[BlackElo "1635"]
[EventDate "2018.07.21"]
[WhiteFideId "1708570"]
[BlackFideId "7201095"]

1.b3 Nf6 2.Bb2 g6 3.Bxf6 exf6 4.c4 Bg7 5.Nc3 O-O 6.g3 Nc6 7.Bg2 Re8 8.Nh3 
d6 9.Nf4 Ne5 10.d4 Ng4 11.h3 Nh6 12.O-O c6 13.Rc1 f5 14.e3 Rb8 15.Qd2 Kh8 
16.b4 Bd7 17.Rfd1 b6 18.b5 Rc8 19.bxc6 Bxc6 20.Nfd5 Ng8 21.Nb5 Bxd5 22.
cxd5 Qd7 23.Rc6 Bf8 24.Rdc1 Ne7 25.Nxd6 Rxc6 26.Nxf7+ Kg7 27.dxc6 Nxc6 28.
Bxc6 Qxf7 29.Bxe8 Qxe8 30.Rc7+ Kf6 31.Rxa7 Qb5 32.Rc7 Qb1+ 33.Qc1 Qxa2 34.
Qc6+ Kg5 35.Rxh7 1-0

[Event "Xtracon Chess Open 2018"]
[Site "Elsinore"]
[Date "2018.07.28"]
[Round "9"]
[White "Tonnesen, Jan Ryder"]
[Black "Nielsen, Carsten Juul"]
[Result "0-1"]
[WhiteElo "1604"]
[BlackElo "1909"]
[EventDate "2018.07.21"]
[WhiteFideId "1461869"]
[BlackFideId "1402242"]

1.e4 e5 2.Nf3 Nc6 3.Bc4 Nf6 4.d3 Be7 5.a4 O-O 6.Be3 d6 7.h3 a6 8.O-O d5 9.
exd5 Nxd5 10.Bd2 Be6 11.Re1 Bf6 12.Nh2 Bg5 13.c3 Bxd2 14.Nxd2 Nf4 15.Bxe6 
Nxe6 16.Ndf3 Qd6 17.Qc2 Rfe8 18.Rad1 Rad8 19.Rd2 Nf4 20.d4 exd4 21.Rxe8+ 
Rxe8 22.Nxd4 Nxd4 23.cxd4 Qd5 24.f3 Qe6 25.Qe4 Qxe4 26.fxe4 Rxe4 27.Kf2 
Nd5 28.Nf3 f6 29.a5 Re3 30.Ne1 Rb3 31.Nd3 Rb5 32.Nc5 Kf7 33.Re2 Nf4 34.Rd2
Ne6 35.Ke3 Nxc5 36.dxc5 Rxc5 37.b4 Re5+ 38.Kd4 Ke7 0-1

[Event "Xtracon Chess Open 2018"]
[Site "Elsinore"]
[Date "2018.07.28"]
[Round "9"]
[White "Lalla, Karol"]
[Black "Densing, Gerd"]
[Result "0-1"]
[WhiteElo "1580"]
[BlackElo "1794"]
[EventDate "2018.07.21"]
[WhiteFideId "12947407"]
[BlackFideId "24621013"]

1.d4 Nf6 2.f4 b6 3.Nf3 Bb7 4.e3 g6 5.Bd3 Bg7 6.Bd2 O-O 7.O-O Ne4 8.Be1 d6 
9.Bh4 Nd7 10.Nbd2 Nxd2 11.Qxd2 c5 12.c3 Rc8 13.f5 c4 14.Bc2 Nf6 15.fxg6 
fxg6 16.Ng5 Qd7 17.Rae1 Nh5 18.e4 Qg4 19.Nf3 Rxf3 20.Rxf3 Qxh4 21.g3 Qh3 
22.Ref1 Nf6 23.d5 Bh6 24.Qe2 Qh5 25.Kg2 Qe5 26.Re1 b5 27.h3 Rf8 28.Qf2 a6 
29.Rf1 Bc8 30.a4 Bg7 31.axb5 axb5 32.Rf4 g5 33.Rf3 g4 34.hxg4 Bxg4 35.Rf4 
Bh6 36.Rf5 Bxf5 37.exf5 Ng4 0-1